Country flags with birds - Statistics

General Stats
  • This quiz has been taken 405 times
    401 since last reset
  • The average score is 9 of 10
Answer Stats
Picture Answer % Correct
Mexico
100%
Albania
99%
Kazakhstan
97%
Papua new guinea
96%
Ecuador
95%
Uganda
95%
Guatemala
94%
Kiribati
92%
Dominica
89%
Zimbabwe
89%
No matching quizzes found
Score Distribution
Percent of People with Each Score
Percentile by Number Answered
Your Score History
You have not taken this quiz since the last reset